| 000 | 00706nam a22002537a 4500 | ||
|---|---|---|---|
| 003 | CHAP | ||
| 005 | 20220329134248.0 | ||
| 008 | 971013s r 00010 d | ||
| 010 | _a17783 | ||
| 011 | _a18755 | ||
| 035 | _a22840 | ||
| 040 | _cCHAP | ||
| 090 | _aFolleto 7987 | ||
| 100 | 0 | 0 |
_aJordan, Peter _eed. _962099 |
| 245 | _aWorking conditions in libraries | ||
| 260 |
_aLeeds, England : _bAssociation of Assistant Librarians, _c(s.a.) |
||
| 300 | _a70 p | ||
| 590 |
_aBATCH-UPD _b10 _c20130110 _lUCH01 _h2316 |
||
| 590 |
_aCONVERSION _b10 _c20130109 _lUCH01 _h1311 |
||
| 650 | 1 | 4 |
_aBibliotecarios. _912484 |
| 901 | _aBK | ||
| 942 | _cFOLL | ||
| 949 |
_aFolleto 7987 _bBC _cFOLL _d-53303 _eB _i22840 _si |
||
| 999 |
_c17783 _d17783 |
||